Financial and management accounting : an introduction

Αποθηκεύτηκε σε:
Λεπτομέρειες βιβλιογραφικής εγγραφής
Κύριος συγγραφέας: Weetman, Pauline
Μορφή: Βιβλίο
Έκδοση: Pearson
Ετικέτες: Προσθήκη ετικέτας
Δεν υπάρχουν, Καταχωρήστε ετικέτα πρώτοι!

MARC

LEADER 00000nam a2200000Ia 4500
005 20260515061618.0
100 |a Weetman, Pauline, 
020 |a 9789332511200 
942 |c BK 
245 |a Financial and management accounting : an introduction  
260 |b Pearson 
999 |c 78  |d 78 
952 |0 0  |1 0  |4 0  |7 0  |a ABDN  |b ABDN  |d 2026-05-15  |l 0  |p 000059  |r 2026-05-15 06:16:18  |w 2026-05-15  |y BK